Civil affairs handbook Japan section 12 : Communicatons

Guardat en:
Dades bibliogràfiques
Autor corporatiu: Army Service Forces Manual
Format: Llibre
Idioma:Undetermined
Publicat: American Restricted 1944
Matèries:
Etiquetes: Afegir etiqueta
Sense etiquetes, Sigues el primer a etiquetar aquest registre!
Thư viện lưu trữ: Trung tâm Học liệu Trường Đại học Cần Thơ
LEADER 00530nam a2200193Ia 4500
001 CTU_98257
008 210402s9999 xx 000 0 und d
082 |a 302.2 
082 |b A741 
110 |a Army Service Forces Manual 
245 0 |a Civil affairs handbook Japan section 12 : 
245 0 |b Communicatons 
245 0 |c Army Service Forces Manual 
260 |a American 
260 |b Restricted 
260 |c 1944 
650 |a Communications 
904 |i Hiếu 
980 |a Trung tâm Học liệu Trường Đại học Cần Thơ